000 00765nam a2200289Ia 4500
005 20260324132012.0
008 008 260324s9999 xx 000 0 eng d
020 _a9781315045986
037 _aEBOOK
040 _aCRL
040 _beng
040 _cCRL
041 _2eng
041 _aeng
084 _qCRL
100 _aRichard Lehrer; Annemarie Sulli Palincsar
_91187662
245 0 _aInvestigating Participant Structures in the Context of Science Instruction
245 2 _bA Special Issue of Cognition and Instruction
260 _bTaylor and Francis
260 _c2005
365 _a
365 _b300
856 _uhttp://www.taylorfrancis.com/books/9781315045986
942 _cEBOOK
999 _c1785326
_d1785326